00341 2200133 4500001002100000005001500021035002000036245007700056260003000133082000800163084001200171990001200183990001200195INLIS00000000000257320250605120842 a0010-0625000159 aPercobaan Kimia Sederhana Dengan Bahan Sehari-Hari /cLouis V. Loesching aBandung :bAngkasa,c2001 a500 a500 PER a0420992 a0420993